000 01148nam a2200193 a 4500
008 120416s1978 ||||||||||||||||| || u
020 _a0070414688
050 _aQA 279.4 Mel
100 _aMelsa, James L
245 1 0 _aDecision and estimation
260 _aNew York
_bMcGraw-Hill
_c1978
300 _axii, 273p. : ill
350 _a0.00
995 _aANNEX COLLECTION (Main Library)
_D0.00
_e710847
_FCBU-MAIN LIBRARY (Kitwe)
_H1
_I10.95
_jQA 279.4 Mel
_M1
_UAVAILABLE
_y011447
_ZAnnex Low-Usage Collection
995 _aANNEX COLLECTION (Main Library)
_D0.00
_e710850
_FCBU-MAIN LIBRARY (Kitwe)
_H4
_I10.95
_jQA 279.4 Mel
_M4
_UAVAILABLE
_y011450
_ZAnnex Low-Usage Collection
995 _aANNEX COLLECTION (Main Library)
_D0.00
_e710846
_FCBU-MAIN LIBRARY (Kitwe)
_H2
_I10.95
_jQA 279.4 Mel
_M5
_UAVAILABLE
_y011451
_ZAnnex Low-Usage Collection
995 _aANNEX COLLECTION (Main Library)
_D0.00
_e710849
_FCBU-MAIN LIBRARY (Kitwe)
_H3
_I10.95
_jQA 279.4 Mel
_M2
_UAVAILABLE
_y011448
_ZAnnex Low-Usage Collection
995 _aANNEX COLLECTION (Main Library)
_D0.00
_e710848
_FCBU-MAIN LIBRARY (Kitwe)
_H5
_I10.95
_jQA 279.4 Mel
_M3
_UAVAILABLE
_y011449
_ZAnnex Low-Usage Collection
999 _c63409
_d63409